000 00771cab a2200265 4500
001 WB2626-60
008 090401t1990 xxu||||| |||| 00| 0 eng d
035 _a(Sirsi) u3507
041 _aeng
245 _aCity airport extension
260 _c1990
350 _a0
490 _aSunday Telegraph
_v1/7/90 p26
490 _aFinancial Times
_v3/7/90 p8(2)
520 _aA public inquiry is underway into the proposal to extend the runway of London city airport . A new bridge between Beckton and Thamesmead is proposed.
650 _aAIRPORTS
650 _aCAA
650 _aDOCKLANDS
650 _aEAST LONDON RIVER CROSSING
650 _aJOHN MOWLEM
650 _aTRANSPORT
690 _aTRANSPORT AND COMMUNICATIONS
942 _n0
948 _c04/03/1997
999 _c2158
_d2158